00217nam a22000977a 4500082002300000100001800023245002700041260003000068300000800098650001300106 a303.6250954 DHA V1 aDharkar, Anil aCrime Against Humanity aMumbaibAnil Dharkarc200 a302 aViolence